000
00195nam a2200085Ia 4500
008
120527s9999 xx 000 0 und d
100
_a
DAVID,V
245
_a
The Technopolis phenomenon.
942
_c
BK
999
_c
23869
_d
23869